| 000 | 00427nam a22001937a 4500 | ||
|---|---|---|---|
| 003 | SCME | ||
| 005 | 20170105105656.0 | ||
| 008 | 110525t xxu||||| |||| 00| 0 eng d | ||
| 040 | _cSCME | ||
| 100 |
_aPijush K.Kundu _9433 |
||
| 245 | _aFluid Mechanics | ||
| 250 | _a2nd | ||
| 260 |
_aUSA _bAcademic Press _c2002 |
||
| 300 | _a730p | ||
| 546 | _aEnglish | ||
| 563 | _aHBC | ||
| 650 |
_aFluid Mechanics _9432 |
||
| 942 |
_2ddc _cBK |
||
| 999 |
_c27185 _d27185 |
||